| 000 | 00758nam a22001577a 4500 | ||
|---|---|---|---|
| 003 | OSt | ||
| 005 | 20151204110910.0 | ||
| 008 | 151204b xxu||||| |||| 00| 0 eng d | ||
| 040 | _cRUA | ||
| 082 | _aFIS POR 2004 B176 Or.1 | ||
| 100 |
_94267 _aPOR, NARITH. |
||
| 245 | _aassessment of community-based fishery resource management in pnvillage, prektncommune, kampotdistrict, kampot province (ការវាយតំលៃការគ្រប់គ្រងធនធានជលផលដោយសហគមន៍ ក្នុងភូមិព្រែកត្នោត ឃុំព្រែកត្នោត ស្រុកកំពត ខេត្តកំពត) | ||
| 260 |
_aPhnom Penh _bRUA _c2004 |
||
| 300 |
_aiv, 48p. _bill. _c29cm. |
||
| 942 |
_2ddc _cFIS |
||
| 999 |
_c3982 _d3982 |
||